书目信息 |
| 题名: |
化工现代测试技术
|
|
| 作者: | 朱耕宇 , 陈雪萍 主编 | |
| 分册: | ||
| 出版信息: | 杭州 浙江大学出版社 2009.09 |
|
| 页数: | 146页 | |
| 开本: | 26cm | |
| 丛书名: | ||
| 单 册: | ||
| 中图分类: | TQ02-33 | |
| 科图分类: | ||
| 主题词: | 化工工程--hua gong gong cheng--测试技术--高等学校--教材 | |
| 电子资源: | ||
| ISBN: | 978-7-308-07049-2 | |
| 000 | 00987nam0 2200253 450 | |
| 001 | 012009329386 | |
| 005 | 20091230152451.43 | |
| 010 | @a978-7-308-07049-2@dCNY20.00 | |
| 100 | @a20091230d2009 em y0chiy0120 ea | |
| 101 | 0 | @achi |
| 102 | @aCN@b330000 | |
| 105 | @aa z 000yy | |
| 106 | @ar | |
| 200 | 1 | @a化工现代测试技术@Ahua gong xian dai ce shi ji shu@f朱耕宇, 陈雪萍主编@Fzhu geng yu,chen xue ping zhu bian |
| 210 | @a杭州@c浙江大学出版社@d2009.09 | |
| 215 | @a146页@c图@d26cm | |
| 300 | @a高等院校理工类规划教材 | |
| 330 | @a本书在内容上涵盖了聚合物分子量及其分布的测定、热分析、聚合物加工性能及力学性能测定、化工材料颗粒粒度及乳液微观形态测定、结晶性能分析、结构分析、吸咐特性分析、聚合物裂解机理研究等八大类17个实验。 | |
| 606 | 0 | @a化工工程@Ahua gong gong cheng@x测试技术@x高等学校@j教材 |
| 690 | @aTQ02-33@v4 | |
| 701 | 0 | @a朱耕宇@Azhu geng yu@4主编 |
| 701 | 0 | @a陈雪萍@Achen xue ping@4主编 |
| 801 | 0 | @aCN@bQSSK@c20091230 |
| 905 | @b769456-58@dTQ02-33@eZ848@f3 | |
| 化工现代测试技术/朱耕宇, 陈雪萍主编.-杭州:浙江大学出版社,2009.09 |
| 146页:图;26cm |
| 高等院校理工类规划教材 |
| ISBN 978-7-308-07049-2:CNY20.00 |
| 本书在内容上涵盖了聚合物分子量及其分布的测定、热分析、聚合物加工性能及力学性能测定、化工材料颗粒粒度及乳液微观形态测定、结晶性能分析、结构分析、吸咐特性分析、聚合物裂解机理研究等八大类17个实验。 |
| ● |
| 相关链接 |
|
|
|
正题名:化工现代测试技术
索取号:TQ02-33/Z848
 
预约/预借
| 序号 | 登录号 | 条形码 | 馆藏地/架位号 | 状态 | 备注 |
| 1 | 769456 | 207694565 | 自科库501/501自科库 137排7列5层/ [索取号:TQ02-33/Z848] | 在馆 | |
| 2 | 769457 | 207694574 | 自科二线504/504自科库 41排5列3层/ [索取号:TQ02-33/Z848] | 在馆 | |
| 3 | 769458 | 207694583 | 自科库501/501自科库 137排7列5层/ [索取号:TQ02-33/Z848] | 在馆 |